LEADER 04392nam 22008415 450 001 9910484609303321 005 20251226200045.0 010 $a3-540-30583-1 024 7 $a10.1007/b105609 035 $a(CKB)1000000000212704 035 $a(SSID)ssj0000106112 035 $a(PQKBManifestationID)11127392 035 $a(PQKBTitleCode)TC0000106112 035 $a(PQKBWorkID)10106359 035 $a(PQKB)11029637 035 $a(DE-He213)978-3-540-30583-5 035 $a(MiAaPQ)EBC3068374 035 $a(PPN)123091721 035 $a(BIP)13606725 035 $a(BIP)11548045 035 $a(EXLCZ)991000000000212704 100 $a20100907d2005 u| 0 101 0 $aeng 135 $aurnn|008mamaa 181 $ctxt 182 $cc 183 $acr 200 10$aArtificial Intelligence and Simulation $e13th International Conference on AI, Simulation, and Planning in High Autonomy Systems, AIS 2004, Jeju Island, Korea, October 4-6, 2004, Revised Selected Papers /$fedited by Tag G. Kim 205 $a1st ed. 2005. 210 1$aBerlin, Heidelberg :$cSpringer Berlin Heidelberg :$cImprint: Springer,$d2005. 215 $a1 online resource (XVI, 716 p.) 225 1 $aLecture Notes in Artificial Intelligence,$x2945-9141 ;$v3397 300 $aBibliographic Level Mode of Issuance: Monograph 311 08$a3-540-24476-X 320 $aIncludes bibliographical references and index. 327 $aKeynotes -- Modeling and Simulation Methodologies I -- Intelligent Control -- Computer and Network Security I -- HLA and Simulator Interoperation -- Manufacturing -- Agent-Based Modeling -- DEVS Modeling and Simulation -- Modeling and Simulation Methodologies II -- Parallel and Distributed Modeling and Simulation I -- Mobile Computer Network -- Web-Based Simulation, Natural System -- Modeling and Simulation Environments -- AI and Simulation -- Component-Based Modeling -- Watermarking, Semantic -- Parallel and Distributed Modeling and Simulation II -- Visualization, Graphics and Animation I -- Computer and Network Security II -- Business Modeling -- Visualization, Graphics and Animation II -- DEVS Modeling and Simulation. 330 $aThis book constitutes the refereed post-proceedings of the 13th International Conference on AI, Simulation, and Planning in High Autonomy Systems, AIS 2004, held in Jeju Island, Korea in October 2004.The 74 revised full papers presented together with 2 invited keynote papers were carefully reviewed and selected from 170 submissions; after the conference, the papers went through another round of revision. The papers are organized in topical sections on modeling and simulation methodologies, intelligent control, computer and network security, HLA and simulator interoperation, manufacturing, agent-based modeling, DEVS modeling and simulation, parallel and distributed modeling and simulation, mobile computer networks, Web-based simulation and natural systems, modeling and simulation environments, AI and simulation, component-based modeling, watermarking and semantics, graphics, visualization and animation, and business modeling. 410 0$aLecture Notes in Artificial Intelligence,$x2945-9141 ;$v3397 606 $aComputer science 606 $aSystem theory 606 $aControl theory 606 $aArtificial intelligence 606 $aComputer simulation 606 $aComputer networks 606 $aComputer graphics 606 $aComputer Science 606 $aSystems Theory, Control 606 $aArtificial Intelligence 606 $aComputer Modelling 606 $aComputer Communication Networks 606 $aComputer Graphics 615 0$aComputer science. 615 0$aSystem theory. 615 0$aControl theory. 615 0$aArtificial intelligence. 615 0$aComputer simulation. 615 0$aComputer networks. 615 0$aComputer graphics. 615 14$aComputer Science. 615 24$aSystems Theory, Control. 615 24$aArtificial Intelligence. 615 24$aComputer Modelling. 615 24$aComputer Communication Networks. 615 24$aComputer Graphics. 676 $a003.3 701 $aKim$b Tag Gon$0771460 801 0$bMiAaPQ 801 1$bMiAaPQ 801 2$bMiAaPQ 906 $aBOOK 912 $a9910484609303321 996 $aArtificial intelligence and simulation$94192796 997 $aUNINA